| 000 | 00673nam a22002537a 4500 | ||
|---|---|---|---|
| 003 | UA-OsUOA | ||
| 001 | 81327 | ||
| 007 | ta | ||
| 008 | 20120124b un ||||| |||| 00| 0 ukr d | ||
| 100 | _aБовсунівська Т. | ||
| 090 |
_a82.09(477) _bБ72 |
||
| 942 | _cBK | ||
| 040 |
_aUA-OsUOA _bukr _cUA-OsUOA _dUA-OsUOA |
||
| 245 |
_aФеномен українського народу _bмонографія |
||
| 300 | _a155 с. | ||
| 955 | _a1 | ||
| 041 | _aukr | ||
| 080 | _a82.09(477) | ||
| 020 | _a966-02-0205-9 | ||
| 260 |
_aК. _c1997 |
||
| 246 | 3 | 1 |
_a1 _n |
| 650 | 7 |
_a82 Література. Літературознавство _2UDC |
|
| 999 |
_c367639 _d367639 |
||